[Event "Brno Duras op"]
[Site "Brno"]
[Date "2016.06.26"]
[Round "2"]
[White "Marek, Jiri1111"]
[Black "Feldvabl, Vilem"]
[Result "1-0"]
[WhiteElo "1977"]
[BlackElo "1627"]
[PlyCount "61"]
[EventDate "2016.06.25"]
[EventType "swiss"]
[EventRounds "9"]
[EventCountry "CZE"]
[SourceTitle "CBM 173 Extra"]
[Source "ChessBase"]
[SourceDate "2016.08.29"]
[SourceVersion "1"]
[SourceVersionDate "2016.08.29"]
[SourceQuality "1"]

1. e4 d6 2. d4 g6 3. Nc3 Bg7 4. Be3 Nf6 5. f3 0-0 6. Qd2 e5 7. Nge2 Nbd7 8. g4 exd4 9. Nxd4 a6 10. 0-0-0 Qe7 11. g5 Nh5 12. Nd5 Qd8 13. f4 Nc5 14. Bg2 Bg4 15. Rde1 c6 16. Nc3 Ne6 17. Nb3 Bxc3 18. Qxc3 Nhxf4 19. Qd2 Nxg2 20. Qxg2 Bh5 21. Nd4 c5 22. Nb3 Qc7 23. Rhf1 Rae8 24. Bd2 Re7 25. Bc3 Rd7 26. Rf6 Ng7 27. Qg3 Ne8 28. Qf2 Qd8 29. Qe3 Qe7 30. e5 Nxf6 31. gxf6 1-0

[Event "Brno op 6th"]
[Site "Brno"]
[Date "2015.11.16"]
[Round "3"]
[White "Pozimski, Szymon"]
[Black "Feldvabl, Vilem"]
[Result "1-0"]
[WhiteElo "1943"]
[BlackElo "1634"]
[PlyCount "73"]
[EventDate "2015.11.14"]
[EventType "swiss"]
[EventRounds "9"]
[EventCountry "CZE"]
[SourceTitle "CBM 169 Extra"]
[Source "ChessBase"]
[SourceDate "2015.12.18"]
[SourceVersion "1"]
[SourceVersionDate "2015.12.18"]
[SourceQuality "1"]

1. e4 e5 2. Nf3 Nf6 3. Nxe5 d6 4. Nf3 Nxe4 5. Nc3 Nxc3 6. dxc3 Be7 7. Bd3 Nc6 8. Bf4 Be6 9. Nd4 Nxd4 10. cxd4 d5 11. Qh5 g6 12. Qf3 Bg5 13. 0-0-0 Qf6 14. Bxg5 Qxg5+ 15. Kb1 0-0-0 16. Rde1 Rhe8 17. h3 h5 18. Re5 Qh6 19. Rhe1 Qg7 20. Qg3 Bd7 21. f4 c6 22. a3 Rxe5 23. dxe5 Qf8 24. Qg5 Qg8 25. g4 hxg4 26. hxg4 Qh7 27. f5 gxf5 28. gxf5 Qg8 29. Qe3 b6 30. e6 fxe6 31. fxe6 Be8 32. Qe5 Kb7 33. Rh1 Rc8 34. Rh7+ Ka8 35. Rg7 Qf8 36. Ba6 Rb8 37. Qc7 1-0

[Event "Brno op"]
[Site "Brno"]
[Date "2015.08.27"]
[Round "6"]
[White "Koci, Tereza"]
[Black "Feldvabl, Vilem"]
[Result "1/2-1/2"]
[WhiteElo "1621"]
[BlackElo "1628"]
[PlyCount "29"]
[EventDate "2015.08.23"]
[EventType "swiss"]
[EventRounds "9"]
[EventCountry "CZE"]
[SourceTitle "EXT 2016"]
[Source "ChessBase"]
[SourceDate "2015.10.08"]
[SourceVersion "1"]
[SourceVersionDate "2015.10.08"]
[SourceQuality "1"]

1. d4 d5 2. Nf3 Bf5 3. c4 e6 4. cxd5 exd5 5. Nc3 c6 6. Bf4 Bd6 7. Bxd6 Qxd6 8. e3 Nf6 9. Bd3 Bxd3 10. Qxd3 0-0 11. 0-0 Nbd7 12. Rab1 Rfe8 13. h3 h6 14. Nd2 Qe7 15. b4 1/2-1/2

[Event "Brno op 5th"]
[Site "Brno"]
[Date "2014.11.19"]
[Round "6"]
[White "Tajovsky, Matej"]
[Black "Feldvabl, Vilem"]
[Result "1-0"]
[WhiteElo "1429"]
[BlackElo "1716"]
[PlyCount "105"]
[EventDate "2014.11.15"]
[EventType "swiss"]
[EventRounds "9"]
[EventCountry "CZE"]
[SourceTitle "CBM 163 Extra"]
[Source "ChessBase"]
[SourceDate "2014.12.23"]
[SourceVersion "1"]
[SourceVersionDate "2014.12.23"]
[SourceQuality "1"]

1. e4 e5 2. Nf3 Nf6 3. Nxe5 d6 4. Nxf7 Kxf7 5. Nc3 Be6 6. d4 c6 7. Bg5 Be7 8. Qd2 h6 9. Bh4 Rf8 10. Bd3 Kg8 11. 0-0-0 Nh5 12. Bg3 Bg5 13. f4 Nxf4 14. Kb1 Nxd3 15. Qxd3 d5 16. h4 Bf4 17. Bxf4 Rxf4 18. g3 Rf7 19. Rdg1 dxe4 20. Nxe4 Bf5 21. g4 Bxe4 22. Qxe4 Qe7 23. Qd3 Nd7 24. g5 h5 25. Qg6 Qe2 26. Qd6 Raf8 27. a4 Rf1+ 28. Rxf1 Rxf1+ 29. Rxf1 Qxf1+ 30. Ka2 Qf7+ 31. b3 Nf8 32. Kb2 Qd5 33. Qb4 b6 34. Ka2 c5 35. dxc5 Qxc5 36. Qd2 Qe7 37. Qd3 g6 38. Kb2 Kh7 39. Qc4 Nd7 40. Ka2 Nc5 41. Kb2 Qe6 42. Qc3 a5 43. Qd4 Nd7 44. Kc3 Qe5 45. Kc4 Qxd4+ 46. Kxd4 Nc5 47. Kd5 Nb7 48. Kc6 Nd8+ 49. Kxb6 Ne6 50. c4 Nd4 51. c5 Nf5 52. c6 Nxh4 53. c7 1-0

[Event "Brno op 5th"]
[Site "Brno"]
[Date "2014.11.17"]
[Round "3"]
[White "Feldvabl, Vilem"]
[Black "Healy, Tom"]
[Result "1/2-1/2"]
[WhiteElo "1716"]
[BlackElo "1974"]
[PlyCount "67"]
[EventDate "2014.11.15"]
[EventType "swiss"]
[EventRounds "9"]
[EventCountry "CZE"]
[SourceTitle "CBM 163 Extra"]
[Source "ChessBase"]
[SourceDate "2014.12.23"]
[SourceVersion "1"]
[SourceVersionDate "2014.12.23"]
[SourceQuality "1"]

1. d4 Nf6 2. Nf3 d6 3. e3 g6 4. c4 Bg7 5. Nc3 0-0 6. Bd3 Nbd7 7. 0-0 e5 8. dxe5 dxe5 9. e4 c6 10. Be3 Ng4 11. Qe2 Nxe3 12. Qxe3 Qe7 13. a3 a5 14. Na4 h6 15. Nb6 Nxb6 16. Qxb6 Rd8 17. Rfd1 Ra6 18. Qe3 c5 19. Be2 Rad6 20. Rxd6 Rxd6 21. Rd1 Be6 22. Rxd6 Qxd6 23. Qd2 Qc7 24. b3 b6 25. a4 Kh7 26. h3 Qe7 27. g4 Bc8 28. Nh2 Bb7 29. f3 Bf6 30. Kg2 Bg5 31. Qe1 Qf6 32. Nf1 Bh4 33. Qd2 Bc6 34. Qd1 1/2-1/2

[Event "Brno Duras op-A"]
[Site "Brno"]
[Date "2014.06.30"]
[Round "3"]
[White "Feldvabl, Vilem"]
[Black "Brychta, Jan"]
[Result "1/2-1/2"]
[WhiteElo "1736"]
[BlackElo "1664"]
[PlyCount "81"]
[EventDate "2014.06.28"]
[EventType "swiss"]
[EventRounds "9"]
[EventCountry "CZE"]
[SourceTitle "CBM 161 Extra"]
[Source "ChessBase"]
[SourceDate "2014.08.29"]
[SourceVersion "1"]
[SourceVersionDate "2014.08.29"]
[SourceQuality "1"]

1. d4 Nf6 2. Nf3 e6 3. Bg5 d5 4. e3 Nbd7 5. c4 c6 6. Nbd2 Be7 7. Bd3 0-0 8. 0-0 b6 9. cxd5 cxd5 10. Rc1 Bb7 11. Qe2 Ne8 12. Bxe7 Qxe7 13. Ba6 Bxa6 14. Qxa6 f6 15. Rc2 e5 16. Qb7 Nd6 17. Qxd5+ Kh8 18. Ne4 Nxe4 19. Qxe4 f5 20. Qd5 Nf6 21. Qxe5 Qb4 22. Rfc1 Ng4 23. Qc7 Rae8 24. Qc3 Qe7 25. h3 Nf6 26. Ne5 Nd5 27. Qc6 Nb4 28. Qa4 Nxc2 29. Rxc2 f4 30. e4 f3 31. gxf3 Qg5+ 32. Kf1 Qh5 33. Qxa7 Qxh3+ 34. Kg1 Rxe5 35. dxe5 Rd8 36. Rc1 Qxf3 37. Qa3 Qf4 38. Qe3 Qxe5 39. Qd2 Rf8 40. f3 h6 41. Rf1 1/2-1/2

[Event "Trebic Highlands op 10th"]
[Site "Trebic"]
[Date "2014.05.24"]
[Round "9"]
[White "Skorepa, Jakub"]
[Black "Feldvabl, Vilem"]
[Result "1-0"]
[WhiteElo "1838"]
[BlackElo "1746"]
[PlyCount "29"]
[EventDate "2014.05.17"]
[EventType "swiss"]
[EventRounds "9"]
[EventCountry "CZE"]
[SourceTitle "CBM 160 Extra"]
[Source "ChessBase"]
[SourceDate "2014.07.01"]
[SourceVersion "1"]
[SourceVersionDate "2014.07.01"]
[SourceQuality "1"]

1. e4 e5 2. Nf3 Nf6 3. d4 exd4 4. e5 Ne4 5. Bd3 Bb4+ 6. Bd2 Nxd2 7. Nbxd2 c5 8. 0-0 0-0 9. Ne4 b6 10. Nfg5 h6 11. Qh5 Bb7 12. Nf6+ Kh8 13. Nxf7+ Rxf7 14. Qxf7 Nc6 15. Qg6 1-0

[Event "Brno op 4th"]
[Site "Brno"]
[Date "2013.11.16"]
[Round "1"]
[White "Feldvabl, Vilem"]
[Black "Vorobyov, Yurij"]
[Result "0-1"]
[WhiteElo "1779"]
[BlackElo "2226"]
[PlyCount "100"]
[EventDate "2013.11.16"]
[EventType "swiss"]
[EventRounds "9"]
[EventCountry "CZE"]
[SourceTitle "CBM 157 Extra"]
[Source "ChessBase"]
[SourceDate "2013.12.19"]
[SourceVersion "1"]
[SourceVersionDate "2013.12.19"]
[SourceQuality "1"]

1. d4 Nf6 2. Nf3 c5 3. c3 b6 4. Bf4 Bb7 5. h3 Bxf3 6. exf3 e6 7. dxc5 bxc5 8. b3 d5 9. Bb5+ Nfd7 10. Bxb8 Rxb8 11. Bxd7+ Qxd7 12. 0-0 Be7 13. Nd2 Bg5 14. Re1 Bxd2 15. Qxd2 0-0 16. f4 Rfd8 17. Rad1 Qc7 18. Qe3 g6 19. Qe5 Qxe5 20. fxe5 a5 21. Rb1 Rb7 22. Re2 Rdb8 23. Reb2 f6 24. f4 Kf7 25. Kf2 Kg7 26. Ke3 fxe5 27. fxe5 Rf8 28. Rf2 Rxf2 29. Kxf2 Rf7+ 30. Kg3 Rf5 31. Re1 Kf7 32. a3 Ke7 33. b4 axb4 34. axb4 cxb4 35. cxb4 Kd7 36. Ra1 Rxe5 37. Ra7+ Kc6 38. Rxh7 d4 39. Rh4 Kd5 40. b5 Kc4 41. b6 Rb5 42. Kf3 Rxb6 43. Rg4 Rb3+ 44. Ke2 e5 45. Rxg6 e4 46. Rc6+ Kd5 47. Rc1 Rb2+ 48. Kf1 d3 49. g4 e3 50. Ra1 Ke4 0-1

[Event "SVK-ch op"]
[Site "Banska Stiavnica"]
[Date "2013.07.13"]
[Round "8"]
[White "Feldvabl, Vilem"]
[Black "Durica, Adam"]
[Result "1-0"]
[WhiteElo "1794"]
[BlackElo "1450"]
[PlyCount "113"]
[EventDate "2013.07.06"]
[EventType "swiss"]
[EventRounds "9"]
[EventCountry "SVK"]
[SourceTitle "CBM 155 Extra"]
[Source "ChessBase"]
[SourceDate "2013.08.26"]
[SourceVersion "1"]
[SourceVersionDate "2013.08.26"]
[SourceQuality "1"]

1. d4 d5 2. c4 c6 3. cxd5 cxd5 4. Nf3 Nc6 5. Nc3 Nf6 6. Bg5 Ne4 7. Bf4 Qa5 8. Bd2 Nxd2 9. Qxd2 h6 10. e3 e6 11. Bb5 Bd7 12. Bxc6 bxc6 13. 0-0 Bb4 14. Ne5 Bxc3 15. Qxc3 Qxc3 16. bxc3 Rc8 17. Rab1 f6 18. Ng6 Rh7 19. Rb7 a6 20. Rfb1 e5 21. R1b6 exd4 22. cxd4 c5 23. dxc5 Rxc5 24. h3 Rc1+ 25. Kh2 Rc2 26. Rxa6 Rxf2 27. Rxd7 Kxd7 28. Nf8+ Ke7 29. Nxh7 Kf7 30. Kg3 Rb2 31. Ra8 Rc2 32. a4 Rc3 33. Kf2 Rc2+ 34. Kf3 Rc3 35. Rd8 d4 36. Rxd4 Kg8 37. Nxf6+ gxf6 38. a5 Ra3 39. Rd5 Ra4 40. e4 Kg7 41. h4 Kg6 42. h5+ Kf7 43. g4 Ra3+ 44. Kf4 Ra2 45. Rb5 Ra3 46. Rb7+ Ke8 47. Rh7 Rxa5 48. Rxh6 Ra3 49. Rxf6 Rh3 50. e5 Rh1 51. h6 Rf1+ 52. Kg5 Rh1 53. Kg6 Ke7 54. g5 Ra1 55. h7 Ra8 56. Kg7 Re8 57. h8Q 1-0

[Event "SVK-ch op"]
[Site "Banska Stiavnica"]
[Date "2013.07.08"]
[Round "3"]
[White "Dowgird, Filip"]
[Black "Feldvabl, Vilem"]
[Result "1-0"]
[WhiteElo "2154"]
[BlackElo "1794"]
[PlyCount "53"]
[EventDate "2013.07.06"]
[EventType "swiss"]
[EventRounds "9"]
[EventCountry "SVK"]
[SourceTitle "CBM 155 Extra"]
[Source "ChessBase"]
[SourceDate "2013.08.26"]
[SourceVersion "1"]
[SourceVersionDate "2013.08.26"]
[SourceQuality "1"]

1. Nf3 Nf6 2. g3 g6 3. Bg2 Bg7 4. 0-0 d5 5. d3 0-0 6. Nbd2 c6 7. e4 dxe4 8. dxe4 h6 9. a4 a5 10. Re1 Kh7 11. h3 Qc7 12. e5 Nd5 13. Qe2 Nb4 14. Nc4 Be6 15. b3 Nd7 16. Bb2 Nb6 17. Na3 Rfd8 18. Bd4 c5 19. Nb5 Qc8 20. Be3 N6d5 21. Rec1 Nxe3 22. Qxe3 Rb8 23. g4 Nd5 24. Qe4 f5 25. gxf5 Bxf5 26. Qh4 Qd7 27. Rd1 1-0

[Event "SVK-ch op"]
[Site "Banska Stiavnica"]
[Date "2013.07.06"]
[Round "1"]
[White "Gombar, Peter"]
[Black "Feldvabl, Vilem"]
[Result "1-0"]
[WhiteElo "1964"]
[BlackElo "1794"]
[PlyCount "83"]
[EventDate "2013.07.06"]
[EventType "swiss"]
[EventRounds "9"]
[EventCountry "SVK"]
[SourceTitle "CBM 155 Extra"]
[Source "ChessBase"]
[SourceDate "2013.08.26"]
[SourceVersion "1"]
[SourceVersionDate "2013.08.26"]
[SourceQuality "1"]

1. e4 e5 2. Nf3 Nf6 3. Nc3 Nc6 4. Bb5 Bb4 5. 0-0 d6 6. Nd5 Bc5 7. b4 Bb6 8. Nxb6 axb6 9. d4 exd4 10. Nxd4 Bd7 11. c3 0-0 12. Bd3 Ne5 13. Bc2 h6 14. h3 Qe7 15. f4 Ng6 16. Qd3 c5 17. Nf5 Bxf5 18. exf5 Nh8 19. c4 Rfe8 20. Bd2 Qe2 21. Rfe1 Qxd3 22. Rxe8+ Nxe8 23. Bxd3 f6 24. Be4 Ra7 25. a4 Nc7 26. a5 bxa5 27. Rxa5 Ra8 28. Rxa8+ Nxa8 29. Bxb7 Nb6 30. b5 Kf8 31. Ba5 Nxc4 32. Bc7 Ke7 33. Bc8 d5 34. b6 Na5 35. b7 Nxb7 36. Bxb7 Kd7 37. Bb8 d4 38. Bd5 g6 39. g4 gxf5 40. gxf5 Ke7 41. Kf2 Nf7 42. Bxf7 1-0